Normal view
MARC view
Entry Uniform Title
001 - CONTROL NUMBER
- control field: 46421
003 - CONTROL NUMBER IDENTIFIER
- control field: ARRUPE
005 - DATE AND TIME OF LATEST TRANSACTION
- control field: 20190521112522.0
008 - FIXED-LENGTH DATA ELEMENTS
- fixed length control field: 190521|| aca||aabn | a|a d
040 ## - CATALOGING SOURCE
- Original cataloging agency: ARRUPE
- Transcribing agency: ARRUPE
130 ## - HEADING--UNIFORM TITLE
- Uniform title: Bible
- General subdivision: Study and teaching
- Geographic subdivision: Zimbabwe.
670 ## - SOURCE DATA FOUND
- Source citation: Work cat.: (ARRUPE)0: Moyo, Fabulous. 46420, The Bible, the bullet, and the ballot :, 2015